000 00379nam a2200097Ia 4500
082 _aR 324.96033 ELEC
245 0 _aElectoral process and the prospects for democracy consolidation contextualising the African multiparty elections of 2004
100 _a Adar, Korwa G. , 1949- Pretoria, South Africa, 2008
_956849
942 _cBK
008 210817s9999 xx 000 0 und d
999 _c177854
_d177853